Loading...
| Fine Arts - Classical Music | 0 | 8 | 1 | 0 | 75 | 18 | 99.88 | 2 | 4 |
| Fine Arts - Other Fine Arts | 0 | 5 | 1 | 1 | 45 | 15 | 72.00 | 1 | 3 |
| Literature - World Literature | 0 | 4 | 0 | 1 | 40 | 99 | 122.00 | 0 | 0 |
| Fine Arts - Painting & Sculpture | 0 | 4 | 0 | 0 | 40 | 100 | 119.00 | 0 | 0 |
| Science - Chemistry | 0 | 4 | 1 | 1 | 35 | 125 | 133.00 | 0 | 0 |
| Literature - European Literature | 0 | 3 | 1 | 0 | 25 | 107 | 132.33 | 0 | 0 |
| Literature - American Literature | 0 | 2 | 0 | 0 | 20 | 83 | 99.50 | 1 | 1 |
| Other Academic | 0 | 2 | 1 | 0 | 15 | 103 | 122.50 | 0 | 0 |
| Literature - British Literature | 0 | 1 | 0 | 0 | 10 | 135 | 135.00 | 0 | 0 |
| Geography | 0 | 1 | 0 | 1 | 10 | 153 | 153.00 | 0 | 0 |
| History - European History | 0 | 1 | 0 | 0 | 10 | 139 | 139.00 | 0 | 0 |
| History - Other History | 0 | 1 | 0 | 1 | 10 | 148 | 148.00 | 0 | 0 |
| History - World History | 0 | 1 | 0 | 0 | 10 | 120 | 120.00 | 0 | 0 |
| Science - Biology | 0 | 1 | 0 | 0 | 10 | 135 | 135.00 | 0 | 0 |
| History - American History | 0 | 0 | 0 | 0 | 0 | 0.00 | 0 | 0 | |
| Mythology | 0 | 1 | 2 | 0 | 0 | 147 | 147.00 | 0 | 0 |
| Social Science | 0 | 0 | 1 | 0 | -5 | 0.00 | 0 | 0 | |
| Science - Other Science | 0 | 0 | 1 | 0 | -5 | 0.00 | 0 | 0 |